Odgadnij to państwo afryki za pomocą flagi - Statystyki

Ogólne statystyki
  • Ten quiz został rozwiązany 189 razy
  • Średni wynik to 17 z 22
Statystyki odpowiedzi
Obrazkowy Odpowiedź % Poprawnych
Algieria
98%
Kamerun
92%
Senegal
91%
kenia
87%
Somalia
87%
Madagaskar
86%
Etiopia
85%
Lesotho
83%
Niger
82%
Sudan
82%
Zambia
82%
Mauretania
80%
Libia
79%
Mozambik
79%
Burkina Faso
78%
Mali
76%
Gwinea
71%
Sudan Południowy
70%
Malawi
68%
Sierra leone
68%
Gambia
60%
Nambia
31%
Nie znaleziono quizów pasujących do podanych kryteriów
Rozkład punktacji
Procent ludzi z każdym wynikiem
Percentyl według liczby udzielonych odpowiedzi
Twoja historia wyników
Nie rozwiązałeś tego quizu